Największe miasta w Polsce pod względem ludności - Statystyki

Ogólne statystyki
  • Ten quiz został rozwiązany 157 razy
  • Średni wynik to 13 z 15
Statystyki odpowiedzi
ludność miasto % Poprawnych
1 715 517 Warszawa
100%
758 463 Kraków
99%
460 427 Gdańsk
97%
550 742 Poznań
96%
631 188 Wrocław
94%
718 960 Łódź
93%
248 726 Gdynia
90%
294 921 Białystok
89%
307 233 Katowice
89%
361 254 Bydgoszcz
88%
347 678 Lublin
88%
408 913 Szczecin
88%
219 703 Radom
68%
234 472 Częstochowa
64%
213 513 Sosnowiec
54%
Nie znaleziono quizów pasujących do podanych kryteriów
Rozkład punktacji
Procent ludzi z każdym wynikiem
Percentyl według liczby udzielonych odpowiedzi
Twoja historia wyników
Nie rozwiązałeś tego quizu